Athletic Club Squad 2015-2016 - Statistics

General Stats
  • This quiz has been taken 33 times
  • The average score is 16 of 25
Answer Stats
# Position Nation Player % Correct
15 FW Ghana Iñaki Williams
100%
20 FW Spain Aritz Aduriz
95%
- Coach Spain Ernesto Valverde
90%
19 MF Spain Iker Muniain
90%
10 DF Spain Óscar de Marcos
90%
4 DF Spain Aymeric Laporte
85%
1 GK Spain Gorka Iraizoz
85%
24 DF Spain Mikel Balenziaga
80%
22 MF Spain Raúl García
80%
13 GK Spain Iago Herrerín
75%
14 FW Spain Markel Susaeta
75%
7 MF Spain Beñat Etxebarria
70%
6 MF Spain Mikel San José
70%
8 MF Spain Ander Iturraspe
60%
9 FW Spain Kike Sola
60%
17 MF Spain Mikel Rico
60%
18 DF Spain Carlos Gurpegi
50%
11 FW Spain Ibai Gómez
50%
25 FW Spain Sabin Merino
50%
16 DF Spain Xabi Etxeita
50%
23 MF Spain Ager Aketxe
40%
21 FW Spain Borja Viguera
40%
5 MF Spain Javier Eraso
40%
2 DF Spain Eneko Bóveda
35%
3 DF Spain Gorka Elustondo
25%
No matching quizzes found
Score Distribution
Percent of People with Each Score
Percentile by Number Answered
Your Score History
You have not taken this quiz